000 00414nam a22001457a 4500
999 _c10286
_d10286
003 GBCCL
005 20241126110729.0
008 240513b ||||| |||| 00| 0 eng d
040 _cgbc
082 _aSOU EBC
_b2024
245 _a25 years of God's faithfulness :
_bSilver Jubilee souvenir 1999-2024
260 _aKohima :
_bEvangelical Baptist Convention Church ,
_c2024
300 _a116 p. ;
942 _2ddc
_cARCH